[Event "Commonwealth-ch"]
[Site "Chennai"]
[Date "2012.11.23"]
[Round "1"]
[White "Aparna, Raja"]
[Black "Oleksienko, Mikhailo"]
[Result "0-1"]
[WhiteElo "1762"]
[BlackElo "2551"]
[PlyCount "56"]
[EventDate "2012.11.23"]
[EventType "swiss"]
[EventRounds "11"]
[EventCountry "IND"]
[SourceTitle "CBM 151 Extra"]
[Source "ChessBase"]
[SourceDate "2012.12.18"]
[SourceVersion "1"]
[SourceVersionDate "2012.12.18"]
[SourceQuality "1"]

1. e4 c5 2. Nc3 e6 3. f4 d5 4. Nf3 dxe4 5. Nxe4 Nc6 6. Bb5 Bd7 7. d3 a6 8. Bxc6 Bxc6 9. a4 c4 10. Nf2 cxd3 11. Nxd3 Nf6 12. Qe2 Be7 13. Nfe5 Be4 14. Be3 b6 15. Rd1 Qc7 16. c3 0-0 17. 0-0 Bd5 18. Nc1 Rfd8 19. Bd4 Qb7 20. Ng4 Nxg4 21. Qxg4 Bf8 22. f5 exf5 23. Qxf5 Bxg2 24. Rf4 Rd6 25. Rd3 Rg6 26. Rg3 Bd6 27. Rfg4 Bxg3 28. hxg3 Bh3 0-1

[Event "Asia-ch U20 Girls"]
[Site "Chennai"]
[Date "2008.12.07"]
[Round "2"]
[White "Aparajita, Gochhikar"]
[Black "Aparna, Raja"]
[Result "0-1"]
[WhiteElo "1918"]
[BlackElo "1753"]
[PlyCount "80"]
[EventDate "2008.12.05"]
[EventType "swiss"]
[EventRounds "9"]
[EventCountry "IND"]
[SourceTitle "CBM 127 Extra"]
[Source "ChessBase"]
[SourceDate "2009.01.08"]
[SourceVersion "2"]
[SourceVersionDate "2009.01.28"]
[SourceQuality "1"]

1. e4 c5 2. c3 d5 3. exd5 Qxd5 4. d4 Nf6 5. Nf3 Bg4 6. Be2 e6 7. 0-0 Nc6 8. Be3 cxd4 9. Nxd4 Bxe2 10. Qxe2 Nxd4 11. Bxd4 Be7 12. Rd1 Qf5 13. c4 0-0 14. Nc3 Rfd8 15. h3 Bb4 16. Qe3 Bxc3 17. Bxc3 b6 18. Rd4 Rxd4 19. Qxd4 Qe4 20. Rd1 Qxd4 21. Rxd4 Kf8 22. f3 Ke8 23. Kf2 Rd8 24. Ke3 Rxd4 25. Bxd4 Kd7 26. b4 Ne8 27. a4 f6 28. f4 Nd6 29. Kd3 Kc6 30. g4 Nf7 31. c5 bxc5 32. Bxc5 a6 33. Be7 e5 34. Ke4 exf4 35. Kxf4 Ne5 36. g5 Ng6+ 37. Kf5 Nxe7+ 38. Ke6 fxg5 39. Kxe7 h5 40. Ke6 g4 0-1

[Event "Asia-ch U20 Girls"]
[Site "New Delhi"]
[Date "2006.11.10"]
[Round "5.12"]
[White "Preetika, Tayal"]
[Black "Aparna, Raja"]
[Result "1-0"]
[WhiteElo "1806"]
[BlackElo "2031"]
[PlyCount "67"]
[EventDate "2006.11.07"]
[EventType "swiss"]
[EventRounds "9"]
[EventCountry "IND"]
[SourceTitle "CBM 115 Extra"]
[Source "ChessBase"]
[SourceDate "2007.01.10"]
[SourceVersion "1"]
[SourceVersionDate "2007.01.10"]
[SourceQuality "1"]

1. e4 d5 2. exd5 Qxd5 3. Nc3 Qa5 4. Nf3 Nf6 5. Be2 Bf5 6. 0-0 e6 7. d3 c6 8. Bd2 Qc7 9. Nh4 Bg6 10. Bg5 Nbd7 11. Qd2 Bd6 12. h3 Nh5 13. Bxh5 Bxh5 14. Ne4 h6 15. Nxd6+ Qxd6 16. Bf4 Qe7 17. Nf5 Qf6 18. Nd6+ Kf8 19. Nxb7 g5 20. Bd6+ Ke8 21. Qc3 Qxc3 22. bxc3 Nb6 23. Na5 Rc8 24. Nb7 Kd7 25. Be5 Rhg8 26. Nd6 Rcf8 27. Ne4 Bg6 28. Nf6+ Kc8 29. Nxg8 Rxg8 30. c4 f5 31. Rab1 Nd7 32. Bd6 Rg7 33. Rb3 Rh7 34. Rfb1 1-0